000 00900nam a2200253 a 4500
001 000024993
005 20200930023508.0
008 110208s1981 sp r 000 0 spa d
020 _a8472222217
040 _aDO-SdBNP
_bspa
_cBNPHU
041 1 7 _aspa
_heng
082 _axxxx
_bM479a, 1981
100 1 _aMead, Margaret,
_d1901-1978.
_951285
240 1 0 _aComing of age in Samoa.
_lEspañol.
245 1 0 _aAdolescencia, sexo y cultura en Samoa /
_cMargaret Mead ; versión del inglés de E. L. ; prólogo de Franz Boas.
250 _a4a ed.
260 _aBarcelona :
_bEditorial Laia,
_c1981.
300 _a280 p. ;
_c19 cm.
490 1 _aLaia B
_aCiencias Humanas: Antropología
_v197
534 _aTítulo original en inglés
_tComing of age in Samoa.
590 _aInventariado, 2019 /LP
700 1 _aBoa, Franz
_epról.
_951286
830 0 _aLaia B
_pCiencias Humanas: Antropología
_v197
_951287
999 _c24486
_d24486